Tutorial on software system design : description and analysis /

Bibliographic Details
Corporate Authors: IEEE Computer Society, COMPSAC
Other Authors: Riddle, W. E. (William E.), 1942-, Wileden, Jack C.
Format: Conference Proceeding Book
Language:English
Published: Los Alamitos, CA : IEEE Computer Society, [1980]
Subjects:

MARC

Tag First Indicator Second Indicator Subfields
LEADER 00000cam a2200000 a 4500
001 in00000072898
005 20151008055948.0
008 801217s1980 caua b 10000 engm
010 |a  80083086  
035 |a (OCoLC)07177808 
035 |9 AAJ4828AM 
040 |a DLC  |c DLC  |d m.c.  |d TXA  |d UtOrBLW 
049 |a TXAM  |c [933194] 
050 0 0 |a QA76.6  |b .T9 
082 0 |a 001.64/2  |2 19 
245 0 0 |a Tutorial on software system design :  |b description and analysis /  |c William E. Riddle and Jack C. Wileden. 
264 1 |a Los Alamitos, CA :  |b IEEE Computer Society,  |c [1980] 
264 4 |c ©1980 
300 |a v, 242 pages :  |b illustrations ;  |c 28 cm. 
336 |a text  |b txt  |2 rdacontent 
337 |a unmediated  |b n  |2 rdamedia 
338 |a volume  |b nc  |2 rdacarrier 
500 |a "Initially presented, October 27-31, 1980, at COMPSAC 80, the IEEE Computer Society's Fourth International Computer Software & Applications Conference." 
500 |a "IEEE catalog number EHO-166-9." 
504 |a Includes bibliographical references. 
650 0 |a Computer programming. 
650 0 |a System design. 
700 1 |a Riddle, W. E.  |q (William E.),  |d 1942- 
700 1 |a Wileden, Jack C. 
710 2 |a IEEE Computer Society. 
711 2 |a COMPSAC. 
999 |a MARS 
999 f f |s bafe1977-b7f8-32b8-a73b-08eb0d10586e  |i 92ac73a6-7410-3d20-b5b5-243a7de3bc17  |t 0 
952 f f |p ric  |a Texas A&M University  |b Rellis Campus  |c Joint Library Facility  |d Remote Storage  |t 0  |e QA76.6 .T9  |h Library of Congress classification  |i unmediated -- volume  |m A14806201952 
998 f f |a QA76.6 .T9  |t 0  |l Remote Storage